| 000 | 00395nam a22001577a 4500 | ||
|---|---|---|---|
| 003 | MACL | ||
| 005 | 20160116174839.0 | ||
| 008 | 160116b xxu||||| |||| 00| 0 eng d | ||
| 040 | _cMACL | ||
| 041 | _aEnglish | ||
| 082 | _a741.642 | ||
| 245 | _aClimate Change Natural Resources | ||
| 260 |
_aNew Delhi _bCentre For Science And Environment _c2011 |
||
| 650 |
_aChilren _933066 |
||
| 942 |
_2ddc _cBK |
||
| 999 |
_c52748 _d52748 |
||